000
00247 a2200097 4500
001
56697
100
_a
245
_a
ABC, words and pictures, dinosaurs, match nos, guide for parents and teachers,
260
_a
USA
_b
Elek
_c
090
_c
34859
_d
34859
942
_a
NUST-CAE
_c
_c
27623
999
_c
291770
_d
291770